| 000 | 01282cam a22001934a 4500 | ||
|---|---|---|---|
| 005 | 20250605163928.0 | ||
| 008 | 250528s ||||||||||||||||||||||||d | ||
| 035 | _a14592 | ||
| 020 | _a863777899 | ||
| 040 |
_aGR-AtMCL _bgre _dGR-AtMCL _eAACR2 |
||
| 245 | 1 | _aDoing Quantitative Psychological Research / From Design to Report | |
| 260 |
_bPsychology Press, Ltd, _c1997 |
||
| 300 | _a666 | ||
| 520 | _aPreface, Introduction, The Methods Used in Psychological Research, The Preliminary Stages of Research, Variables and the Validity of Research Designs, Research Designs and their Internal Validity, Asking Questions I: Interviews and Surveys, Asking Questions II: Measuring Attitudes and Meaning, Observation and Content Analysis, Scales of Measurement, Summarising and Describing Data, Going Beyond Description, Samples and Populations, Analysis of Differences between a Single Sample and a Population, Effect Size and Power, Parametric and Non-Parametric tests, Subsequent Analysis after ANOVA or χ2, Analysis of Relationships I: Correlation, Analysis of Relationships I: Correlation, Analysis of Relationships II: Regression, Multivariate Analyses, Meta-Analysis, Repoting Research. | ||
| 700 | 1 |
_aClark-Carter David _9315 |
|
| 942 | _cBK | ||
| 999 |
_c216 _d216 |
||